00161nam a2200061Ia 4500008004100000100001500041245004300056170627s9999 xx 000 0 und d aSINHA-S.N. 0aHANDBOOK OF REINFORCED CONCRETE DESIGN